000 00668nam a2200181Ia 4500
008 100921s9999 xx 000 0 und d
082 _b10335
_a891.463 थ 64
100 _aआपटे हरी नारायण.
245 _aकेवळ स्वराज्यासाठी.
260 _bआर्यभूषण छापखाना,पुणे.
_c1964
300 _a371
_b---
365 _b4
520 _aललित-कादंबरी.
630 _aकेवळ स्वराज्यासाठी.
650 _aललित-कादंबरी.
730 _aकेवळ स्वराज्यासाठी.
942 _cBOOK
999 _c759448
_d759445